| 000 | 00513cam a2200193ua 4500 | ||
|---|---|---|---|
| 003 | OSt | ||
| 005 | 20260221112950.0 | ||
| 008 | 260124b |||||||| |||| 00| 0 eng d | ||
| 041 | _aeng | ||
| 082 |
_a630.92 _bRAN/FA |
||
| 100 |
_aRandhawa, M S. _97849 |
||
| 245 | _aFarmers of India, Vol 3 / | ||
| 260 |
_aNew Delhi : _bIndian Council for Agricultural Research , _c1964. |
||
| 300 | _a450 ; . | ||
| 700 | 1 |
_aAsok, Mitra. _97853 |
|
| 700 | 1 |
_aGisela, Metha. _97854 |
|
| 700 | 1 |
_aRandhawa, M S. _97849 |
|
| 942 | _cBK | ||
| 999 |
_c367 _d367 |
||